00275nam a2200097Ia 4500008004100000020001400041100001800055245004700073260004300120300001400163180323s9999 xx 000 0 und d a394579518 aKnopf, Alfred aYour baby & from birth to age five child / aNew York City :b1989cBorzoi book pub a553 pages